000 00565cam a22002051 4500
001 ne 65001774
003 DLC
005 20260227111816.0
008 890523q xx ac 000 0 ara
010 _ane 65001774
035 _a(OCoLC)23510703
040 _aDLC
_cMiU
_dDLC
050 0 0 _aML3758.I7
_bW4
100 1 _aWardī, Ḥammūdī Ibrāhīm.
245 1 3 _aal-Ghināʼ al-ʻIrāqī.
260 _c.1964-
300 _a1 v.
_billus., ports.
_c24 cm.
650 0 _aFolk songs
_zIraq
_xHistory and criticism.
650 0 _aSongs
_zIraq
_xHistory and criticism.
999 _c48331
_d48331